000 00503nam a2200205Ia 4500
003 GCL
008 140319s9999 xx 000 0 eng d
040 _aGCL /
_cGCL
082 0 4 _aCH
_b752
_bB R
100 1 _aBOASA, PETRA
245 1 0 _a50 RAINY DAY PROJECTS FOR KIDS /
_cBOASA, PETRA
700 1 _aDUNCAN, JAMES
700 1 _aDOBSON, SAM
260 _aالقاهرة :
_bLORENZ BOOKS ،
_c1994
300 _a96
650 0 4 _aARTS
650 0 4 _aPAINTING
650 0 4 _aCOLOURS
942 _2ddc
_cBK
999 _c14366
_d14366